| 000 | 00354 a2200109 4500 | ||
|---|---|---|---|
| 001 | ART_49387 | ||
| 005 | 20260410161944.0 | ||
| 008 | 260409a | ||
| 245 | 1 | 0 | _a¿Existen los actos administrativos implícitos en materia previsional? |
| 100 | 1 | _aCarnota, Walter F. | |
| 773 | 0 |
_tTemas de derecho laboral _g- N° 8 (ago. 2019) _wREV27619 |
|
| 999 |
_c29805 _d29805 |
||